Modern microscopy; (Record no. 1730)
[ view plain ]
| 000 -LEADER | |
|---|---|
| fixed length control field | 00733nac a22002291u 4500 |
| 010 ## - | |
| -- | 66023407 |
| 082 00 - DEWEY DECIMAL CLASSIFICATION NUMBER | |
| Classification number | 578 |
| Item number | C836 |
| 090 ## - LOCALLY ASSIGNED LC-TYPE CALL NUMBER (OCLC); LOCAL CALL NUMBER (OCLC) | |
| -- | 1730 |
| -- | 1730 |
| 100 ## - MAIN ENTRY--PERSONAL NAME | |
| Personal name | Cosslett, V. E. |
| 245 10 - TITLE STATEMENT | |
| Title | Modern microscopy; |
| Remainder of title | or, Seeing the very small |
| Statement of responsibility, etc | [by] V. E. Cosslett. |
| 260 ## - | |
| -- | Ithaca, N.Y., |
| -- | Cornell University Press |
| -- | [1966] |
| 300 ## - PHYSICAL DESCRIPTION | |
| Extent | 160 p. |
| Other physical details | illus. |
| Dimensions | 23 cm. |
| 336 ## - CONTENT TYPE | |
| Source | rdacontent |
| Content type term | text |
| Content type code | txt |
| 337 ## - MEDIA TYPE | |
| Media type term | unmediated |
| Source | rdamedia |
| Media type code | n |
| 338 ## - CARRIER TYPE | |
| Carrier type term | volume |
| Carrier type code | nc |
| Source | rdacarrier |
| 440 #0 - | |
| -- | Royal Institution Christmas lectures, 131st course |
| 500 ## - GENERAL NOTE | |
| General note | Donations |
| 500 ## - GENERAL NOTE | |
| General note | Donations - Dr. Mostafa Gouda |
| 650 #0 - SUBJECT ADDED ENTRY--TOPICAL TERM | |
| Topical term or geographic name as entry element | Microscopy. |
| 740 ## - ADDED ENTRY--UNCONTROLLED RELATED/ANALYTICAL TITLE | |
| Uncontrolled related/analytical title | Seeing the very small. |
| 942 ## - ADDED ENTRY ELEMENTS (KOHA) | |
| Koha item type | Book - Borrowing |
| Call number prefix | 578C836 |
| Classification part | RDA-MOD |
| Withdrawn status | Lost status | Damaged status | Not for loan | Home library | Current library | Shelving location | Date acquired | Source of acquisition | Total Checkouts | Full call number | Barcode | Date last seen | Price effective from | Koha item type |
|---|---|---|---|---|---|---|---|---|---|---|---|---|---|---|
| Central Library | Central Library | First floor | 11/12/2006 | Purchase | 578 COS | 000002587 | 15/07/2025 | 11/12/2006 | Book - Borrowing |